008870000a22002170004500090001400000245009000014650003100104650002400135650003200159650002700191651002100218651002000239653003800259653003900297041001300336100003100349942001300380773006800393999001700461952019100478 aARb0091310aNotes: two new species of Hillia subg. Ravnia () from Venezuela and Mexico14aTaxonomía vegetal99226214aVegetación99279914aMorfología vegetal91829514aNuevas especies992905 4pVenezuela992749 4pMéxico992749 fRubiaceaegHilliaeHillia rivalis fRubiaceaegHilliaeHillia oaxacana0 aInglés1 aHoffman, Forrest M.992960 cARTICULO1 tAnnals of the Missouri Botanical Garden3157q521-523d1991g78 c10001d10001 001040718HEMEROTECAaBogotabBogotad2015-02-27eInstituto de Ciencias NaturaleshFuera de circulaciónl0oAR 00913p011206r2015-03-25 00:00:00t1w2015-03-25xDonaciónyARTICULO